5HLuxD.jpg

KING HENRY VIII SENIOR AND PRIMARY SCHOOL LIBRARY OPAC

The smuggler / (Record no. 2819)

000 -LEADER
fixed length control field 00722cam a2200241 a 4500
001 - CONTROL NUMBER
control field .b2144285x
003 - CONTROL NUMBER IDENTIFIER
control field OSt
005 - DATE AND TIME OF LATEST TRANSACTION
control field 20230823080717.0
008 - FIXED-LENGTH DATA ELEMENTS--GENERAL INFORMATION
fixed length control field 100420s2005 enka 000 0 eng d
020 ## - INTERNATIONAL STANDARD BOOK NUMBER
International Standard Book Number 9780230035225 (pbk.)
020 ## - INTERNATIONAL STANDARD BOOK NUMBER
International Standard Book Number 0230035221 (pbk.)
040 ## - CATALOGING SOURCE
Original cataloging agency NTNU
Transcribing agency NTNU
Modifying agency KH8
042 ## - AUTHENTICATION CODE
Authentication code nbic
082 0# - DEWEY DECIMAL CLASSIFICATION NUMBER
Classification number 428.6 PLO
100 1# - MAIN ENTRY--PERSONAL NAME
Personal name Plowright, Piers,
Relator term author.
245 14 - TITLE STATEMENT
Title The smuggler /
Statement of responsibility, etc. Piers Plowright ; illustrated by Clifford Bayly
260 ## - PUBLICATION, DISTRIBUTION, ETC.
Place of publication, distribution, etc. Oxford :
Name of publisher, distributor, etc. Macmillan,
Date of publication, distribution, etc. 2005.
300 ## - PHYSICAL DESCRIPTION
Extent 79 p. :
Other physical details ill. ;
Dimensions 20 cm.
490 1# - SERIES STATEMENT
Series statement Macmillan readers. 5, Intermediate ;
Volume/sequential designation [37]
700 1# - ADDED ENTRY--PERSONAL NAME
Personal name Bayly, Clifford,
Relator term illustrator.
830 #0 - SERIES ADDED ENTRY--UNIFORM TITLE
Uniform title Macmillan readers.
Number of part/section of a work 5,
Name of part/section of a work Intermediate ;
Volume/sequential designation [37]
942 ## - ADDED ENTRY ELEMENTS (KOHA)
Source of classification or shelving scheme
Koha item type Teaching Resources
Holdings
Withdrawn status Lost status Source of classification or shelving scheme Damaged status Not for loan Collection code Permanent Location Current Location Shelving location Date acquired Total Checkouts Full call number Barcode Date due Date last seen Date last checked out Price effective from Koha item type
          Teaching Resources KH8 Senior School Library KH8 Senior School Library Staff Office 2023-08-23 1 428.6 PLO TRKHSL002252 2025-07-04 2024-11-08 2024-11-08 2023-08-23 Teaching Resources

Powered By KH8 IT Dept